| 000 | 00435nam a2200169Ia 4500 | ||
|---|---|---|---|
| 008 | 221030s9999 xx 000 0 und d | ||
| 020 | _a8174464492 | ||
| 041 | _aEnglish | ||
| 082 |
_a105.23 _bBax |
||
| 100 | _aC. V. Baxi | ||
| 245 | 0 | _aCorporate Social Responsibility - Concept & Cases - The Indian Experience | |
| 260 |
_bExcel Books _aIndia _c2005 |
||
| 300 | _a534 | ||
| 650 | _aManagement | ||
| 700 | _aAjit Prasad | ||
| 942 | _cBK | ||
| 999 |
_c434 _d434 |
||